The singing Neanderthals : (Record no. 131397)
[ view plain ]
| 000 -LEADER | |
|---|---|
| fixed length control field | 02659cam a2200373 a 4500 |
| 001 - CONTROL NUMBER | |
| control field | 14168827 |
| 003 - CONTROL NUMBER IDENTIFIER | |
| control field | ARRUPE |
| 005 - DATE AND TIME OF LATEST TRANSACTION | |
| control field | 20220511081714.0 |
| 008 - FIXED-LENGTH DATA ELEMENTS--GENERAL INFORMATION | |
| fixed length control field | 041217s2005 enkab b 001 0 eng |
| 010 ## - LIBRARY OF CONGRESS CONTROL NUMBER | |
| LC control number | 2005472619 |
| 015 ## - NATIONAL BIBLIOGRAPHY NUMBER | |
| National bibliography number | GBA518164 |
| Source | bnb |
| 016 7# - NATIONAL BIBLIOGRAPHIC AGENCY CONTROL NUMBER | |
| Record control number | 013124359 |
| Source | Uk |
| 020 ## - INTERNATIONAL STANDARD BOOK NUMBER | |
| International Standard Book Number | 0297643177 (hard) |
| 020 ## - INTERNATIONAL STANDARD BOOK NUMBER | |
| International Standard Book Number | 9780297643173 |
| 035 ## - SYSTEM CONTROL NUMBER | |
| System control number | (OCoLC)ocm58052344 |
| 040 ## - CATALOGING SOURCE | |
| Original cataloging agency | UKM |
| Transcribing agency | UKM |
| Modifying agency | BWKUK |
| -- | IXA |
| -- | VP@ |
| -- | DLC |
| 042 ## - AUTHENTICATION CODE | |
| Authentication code | lccopycat |
| 050 00 - LIBRARY OF CONGRESS CALL NUMBER | |
| Classification number | ML3800 |
| Item number | .M73 2005 |
| 082 00 - DEWEY DECIMAL CLASSIFICATION NUMBER | |
| Classification number | 781/.11 |
| Edition number | 22 |
| 300 ## - PHYSICAL DESCRIPTION | |
| Other physical details | ill., maps ; |
| Dimensions | 25 cm. |
| 100 1# - MAIN ENTRY--PERSONAL NAME | |
| Personal name | Mithen, Steven J. |
| 9 (RLIN) | 43729 |
| 245 14 - TITLE STATEMENT | |
| Title | The singing Neanderthals : |
| Remainder of title | the origins of music, language, mind and body / |
| Statement of responsibility, etc | Steven Mithen. |
| 260 ## - PUBLICATION, DISTRIBUTION, ETC. (IMPRINT) | |
| Place of publication, distribution, etc | London : |
| Name of publisher, distributor, etc | Weidenfeld & Nicolson, |
| Date of publication, distribution, etc | 2005. |
| 300 ## - PHYSICAL DESCRIPTION | |
| Extent | ix, 374 p. : |
| 504 ## - BIBLIOGRAPHY, ETC. NOTE | |
| Bibliography, etc | Includes bibliographical references (p. 333-360) and index. |
| 505 0# - FORMATTED CONTENTS NOTE | |
| Formatted contents note | The need for an evolutionary history of music -- The present. More than cheesecake? : the similarities and differences between music and language ; Music without language : the brain, aphasia, and musical savants ; Language without music : acquired and congenital amusia ; The modularity of music and language : music processing within the brain ; Talking and singing to baby : brain maturation, language learning, and perfect pitch ; Music hath charms and can heal : music, emotion, medicine, and intelligence -- The past. Grunts, barks and gestures : communication by monkeys and apes ; Songs on the savannah : the origin of 'hmmmm' communication ; Getting into rhythm : the evolution of bipedalism and dance ; Imitating nature : communication about the natural world ; Singing for sex : is music a product of sexual selection? ; The demands of parenthood : human life history and emotional development ; Making music together : the significance of cooperation and social bonding ; Neanderthals in love : 'hmmmmm' communication by homo neanderthalensis ; The origin of language : the origin of homo sapiens and the segmentation of 'hmmmmm' ; A mystery explained, but not diminished : modern human dispersal, communicating with the Gods, and the remnants of 'hmmmmm'. |
| 650 #0 - SUBJECT ADDED ENTRY--TOPICAL TERM | |
| Topical term or geographic name as entry element | Music |
| General subdivision | Origin. |
| 9 (RLIN) | 51521 |
| 650 #0 - SUBJECT ADDED ENTRY--TOPICAL TERM | |
| Topical term or geographic name as entry element | Music |
| General subdivision | Psychological aspects. |
| 9 (RLIN) | 51522 |
| 650 #0 - SUBJECT ADDED ENTRY--TOPICAL TERM | |
| Topical term or geographic name as entry element | Human evolution. |
| 856 42 - ELECTRONIC LOCATION AND ACCESS | |
| Materials specified | Contributor biographical information |
| Uniform Resource Identifier | <a href="http://www.loc.gov/catdir/enhancements/fy0628/2005472619-b.html">http://www.loc.gov/catdir/enhancements/fy0628/2005472619-b.html</a> |
| 856 42 - ELECTRONIC LOCATION AND ACCESS | |
| Materials specified | Publisher description |
| Uniform Resource Identifier | <a href="http://www.loc.gov/catdir/enhancements/fy0628/2005472619-d.html">http://www.loc.gov/catdir/enhancements/fy0628/2005472619-d.html</a> |
| 906 ## - LOCAL DATA ELEMENT F, LDF (RLIN) | |
| a | 7 |
| b | cbc |
| c | copycat |
| d | 2 |
| e | ncip |
| f | 20 |
| g | y-gencatlg |
| 942 ## - ADDED ENTRY ELEMENTS (KOHA) | |
| Source of classification or shelving scheme | Library of Congress Classification |
| Koha item type | Monograph ( Printed materials) |
| Withdrawn status | Lost status | Source of classification or shelving scheme | Damaged status | Not for loan | Collection code | Home library | Current library | Shelving location | Date acquired | Total Checkouts | Full call number | Barcode | Date last seen | Price effective from | Koha item type |
|---|---|---|---|---|---|---|---|---|---|---|---|---|---|---|---|
| Library of Congress Classification | Main Collection | ARRUPE LIBRARY | ARRUPE LIBRARY | Main Collection | 11/05/2022 | ML3800 .M73 2005 | 46600008465 | 11/05/2022 | 11/05/2022 | Monograph ( Printed materials) |